| 000 | 00964cab a22001935a 4500 | ||
|---|---|---|---|
| 001 | L137458 | ||
| 008 | 070405s2007 xxkd f 000 0 eng d | ||
| 035 | _a(Sirsi) u137458 | ||
| 041 | 0 | _aeng | |
| 100 | 1 | _aSuff, Paul | |
| 245 | 0 | 0 | _aEnvironment managers to strategic business leaders |
| 260 | _c2007 | ||
| 490 |
_aEnvironment Information Bulletin _v(167) April 2007, 9-12(4) |
||
| 520 | _aStates that the environment has become an increasingly strategic issue for many organisations and that the role of environment managers will have to change to meet this. Suggests that the environment will no longer be tagged on to a manager?s other duties and that they will have to balance their traditional responsibilities of dealing with direct environmental impacts with those of helping to deliver a more sustainable future. | ||
| 590 | _aKA | ||
| 651 | 4 |
_aUnited Kingdom _y |
|
| 690 | _aENVIRONMENTAL AND LAND CONSULTANCY-ENVIRONMENTAL MANAGEMENT | ||
| 942 | _n0 | ||
| 999 |
_c78610 _d78610 |
||